| 000 | 02019nam a2200421 i 4500 | ||
|---|---|---|---|
| 001 | ebr10759687 | ||
| 003 | CaPaEBR | ||
| 006 | m o d | ||
| 007 | cr cn||||||||| | ||
| 008 | 130613t20132013vtu ob 001 0 eng|d | ||
| 020 | _z9781409468752 (hardback : alk. paper) | ||
| 020 | _a9781409468769 (e-book) | ||
| 040 |
_aCaPaEBR _beng _erda _epn _cCaPaEBR |
||
| 035 | _a(OCoLC)858282268 | ||
| 043 | _ama----- | ||
| 050 | 1 | 4 |
_aJQ1850.A91 _bA73 2013eb |
| 082 | 0 | 4 |
_a909/.097492708312 _223 |
| 245 | 0 | 4 |
_aThe Arab Spring and Arab thaw : _bunfinished revolutions and the quest for democracy / _cedited by John Davis. |
| 264 | 1 |
_aBurlington, VT : _bAshgate Publishing Company, _c[2013] |
|
| 264 | 4 | _c�2013 | |
| 300 | _a1 online resource (0 pages) | ||
| 336 |
_atext _2rdacontent |
||
| 337 |
_acomputer _2rdamedia |
||
| 338 |
_aonline resource _2rdacarrier |
||
| 504 | _aIncludes bibliographical references and index. | ||
| 505 | 0 | _apart I. Revolts and counter revolts in a turbulent region -- part II. Regional and non-regional institutional involvement, American perspectives and winners and losers. | |
| 588 | _aDescription based on print version record. | ||
| 590 | _aElectronic reproduction. Palo Alto, Calif. : ebrary, 2013. Available via World Wide Web. Access may be limited to ebrary affiliated libraries. | ||
| 650 | 0 | _aArab Spring, 2010- | |
| 650 | 0 |
_aRevolutions _zArab countries _xHistory _y21st century. |
|
| 650 | 0 |
_aDemocratization _zArab countries _xHistory _y21st century. |
|
| 651 | 0 |
_aArab countries _xPolitics and government _y21st century. |
|
| 655 | 0 | _aElectronic books. | |
| 700 | 1 |
_aDavis, John, _d1962- |
|
| 776 | 0 | 8 |
_iPrint version: _tArab Spring and Arab thaw : unfinished revolutions and the quest for democracy. _dBurlington, VT : Ashgate Publishing Company, [2013] _hix, 300 pages _z9781409468752 _w(DLC) 2013020321 |
| 797 | 2 | _aebrary. | |
| 856 | 4 | 0 |
_uhttp://site.ebrary.com/lib/rucke/Doc?id=10759687 _zAn electronic book accessible through the World Wide Web; click to view |
| 999 |
_c120435 _d120435 |
||